00947nam a2200265 a 450000100060000000300060000600500170001200800410002902000180007003500190008804000350010704100080014208200240015010000210017424501350019525000120033026000710034230000670041350400510048065000140053170000400054570000300058570000360061570000300065116674UkOxU20211209000034.0030415r20112003ii a b 001 0 eng d a9788131708118 a(BD-RjUL)16729 aBD-RjULbengcBD-RjULdBD-RjUL aeng 221a576.5bKLC 20111 aKlug, William S.10aConcepts of genetics /cWilliam S. Klug, Michael R. Cummings ; with contributions by Jon Herron, Charlotte Spencer, Sarah M. Ward. a7th ed. aNew Delhi :bDorling Kindersley (India),cc2003c[Impression 2011] axxviii, 725 p., A1-A54, C1-C4, I33-I52 ;bcol. ill. ;c28 cm.  aIncludes bibliographical references and index. 0aGenetics.1 aCummings, Michael R., Joint author.1 a Herron, Jon, Jt. auth.1 aSpencer, Charlotte , Jt. auth.1 aWard, Sarah M., Jt. auth.